Normal view
MARC view
Entry Término temático
001 - NÚMERO DE CONTROL
- campo de control: 46633
003 - IDENTIFICADOR DEL NÚMERO DE CONTROL
- campo de control: OSt
005 - FECHA Y HORA DE LA ÚLTIMA TRANSACCIÓN
- campo de control: 20200615034140.0
008 - DATOS DE LONGITUD FIJA
- campo de control de longitud fija: 200615|| aca||aabn | a|a d
040 ## - FUENTE DE LA CATALOGACIÓN
- Centro catalogador/agencia de origen: OSt
- Centro/agencia transcriptor: OSt
150 ## - ENCABEZAMIENTO--TÉRMINO DE MATERIA
- Término de materia o nombre geográfico como elemento de entrada: LITURGÍA
- Subdivisión general: METODOLOGÍA
670 ## - FUENTE DE DATOS ENCONTRADOS
- Cita de la fuente: Work cat.: (OSt)22178: Encuentro Nacional Eclesial cubano (1986, 17-23 feb. Ciudad de la Habana, Cuba) 46632, Documento final e instrucción pastoral de los obispos., 1988.
